000 00483nam a2200181 a 4500
001 7059
003 CO-ViMGA
008 141112s2004 ck r 000 u spa d
040 _aCO-ViMGA
_bspa
_cCO-ViMGA
082 0 4 _a305.55 G437p
100 1 _aGhersi, Carlos Alberto
_96126
245 1 0 _aResponsabilidad profesional
260 _aBuenos Aires :
_bAstrea,
_c1996
300 _a294 p
650 1 4 _aética PROFESIONAL
650 1 4 _aRESPONSABILIDAD PROFESIONAL
_96127
942 _2ddc
_cBK
999 _c19024
_d19024